[Event "HUN-chT2 Breyer 2223"]
[Site "Hungary"]
[Date "2023.02.19"]
[Round "8.8"]
[White "Frank, Balint"]
[Black "Pilis, Peter"]
[Result "1-0"]
[WhiteElo "1613"]
[BlackElo "1508"]
[PlyCount "47"]
[EventDate "2022.10.16"]
[EventType "team-tourn"]
[EventRounds "11"]
[EventCountry "HUN"]
[SourceTitle "EXT 2025"]
[Source "ChessBase"]
[SourceDate "2024.10.14"]
[SourceVersion "1"]
[SourceVersionDate "2024.10.14"]
[SourceQuality "1"]
[WhiteTeam "Varosgazda Akademia"]
[BlackTeam "Torokbalint"]
[WhiteTeamCountry "HUN"]
[BlackTeamCountry "HUN"]

1. d4 Nf6 2. c4 g6 3. g3 Bg7 4. Bg2 d5 5. cxd5 Nxd5 6. e4 Nb6 7. Ne2 0-0 8. 0-0 c6 9. Nbc3 e5 10. d5 cxd5 11. exd5 Nc4 12. b3 Nd6 13. Ba3 Re8 14. Rc1 Bh6 15. Bxd6 Qxd6 16. Nb5 Qb6 17. Nc7 Bxc1 18. Nxa8 Qd6 19. Qxc1 Na6 20. Nc3 Bd7 21. Ne4 Qb8 22. Qh6 f5 23. Nf6+ Kf7 24. Nxd7 1-0

[Event "HUN-chT2 Breyer 2122"]
[Site "Hungary"]
[Date "2022.01.30"]
[Round "5.8"]
[White "Kelemen, Szabolcs"]
[Black "Pilis, Peter"]
[Result "1-0"]
[WhiteElo "1882"]
[BlackElo "1522"]
[PlyCount "97"]
[EventDate "2021.10.10"]
[EventType "team-tourn"]
[EventRounds "9"]
[EventCountry "HUN"]
[SourceTitle "EXT 2025"]
[Source "ChessBase"]
[SourceDate "2024.10.14"]
[SourceVersion "1"]
[SourceVersionDate "2024.10.14"]
[SourceQuality "1"]
[WhiteTeam "Barcza BEAC"]
[BlackTeam "Torokbalint"]
[WhiteTeamCountry "HUN"]
[BlackTeamCountry "HUN"]

1. e4 c5 2. Nf3 g6 3. d4 Bg7 4. Nc3 cxd4 5. Nxd4 a6 6. Be3 Qc7 7. Nd5 Qd6 8. Bf4 e5 9. Bg3 Nf6 10. Nxf6+ Qxf6 11. Ne2 0-0 12. Nc3 Nc6 13. Nd5 Qd8 14. a4 d6 15. Bc4 Be6 16. 0-0 Rc8 17. c3 Kh8 18. Ne3 Qd7 19. Qd3 Na5 20. Bxe6 Qxe6 21. Nd5 Nb3 22. Rad1 Nc5 23. Qc2 b5 24. axb5 axb5 25. Qe2 Rb8 26. Nb4 Rb6 27. Rd5 Rc8 28. Rfd1 Bf8 29. f3 f6 30. Bf2 Kg7 31. Ra1 Rcb8 32. h4 Be7 33. Nd3 R8b7 34. Nxc5 dxc5 35. Bxc5 Bxc5+ 36. Rxc5 b4 37. c4 b3 38. Rd5 Qc6 39. Raa5 Rb4 40. c5 R4b5 41. Rxb5 Rxb5 42. Qc4 h5 43. Kh2 Kh6 44. Rd8 Rb7 45. Rh8+ Rh7 46. Qg8 Qc7 47. Rxh7+ Qxh7 48. Qxh7+ Kxh7 49. c6 1-0

[Event "HUN-chT2 Breyer 2122"]
[Site "Hungary"]
[Date "2021.12.19"]
[Round "4.8"]
[White "Pilis, Peter"]
[Black "Tessedik, Karoly"]
[Result "0-1"]
[WhiteElo "1566"]
[BlackElo "1736"]
[PlyCount "88"]
[EventDate "2021.10.10"]
[EventType "team-tourn"]
[EventRounds "9"]
[EventCountry "HUN"]
[SourceTitle "EXT 2025"]
[Source "ChessBase"]
[SourceDate "2024.10.14"]
[SourceVersion "1"]
[SourceVersionDate "2024.10.14"]
[SourceQuality "1"]
[WhiteTeam "Torokbalint"]
[BlackTeam "Zsambek"]
[WhiteTeamCountry "HUN"]
[BlackTeamCountry "HUN"]

1. d4 Nf6 2. Bg5 e6 3. e4 h6 4. Bxf6 Qxf6 5. e5 Qd8 6. Bd3 c5 7. c3 Nc6 8. Bc2 Qb6 9. d5 Nxe5 10. dxe6 dxe6 11. b3 Bd7 12. Nd2 Bc6 13. Ngf3 Nxf3+ 14. Nxf3 Be7 15. 0-0 Bf6 16. Qe2 Bxc3 17. Rad1 Bf6 18. Ne5 Bb5 19. Nc4 Bxc4 20. Qxc4 0-0 21. Rd3 Rad8 22. Rg3 Rd4 23. Qe2 Qd6 24. Qf3 Be5 25. Rh3 b6 26. Re1 Rf4 27. Qe2 Bd4 28. Rf3 Rxf3 29. Qxf3 b5 30. Qd3 g6 31. Qxb5 Qf4 32. Qe2 Rd8 33. Rd1 Rd5 34. Rf1 Re5 35. Qd1 h5 36. g3 Qf6 37. Kg2 h4 38. Qg4 Rh5 39. f4 Qh8 40. Qd1 hxg3 41. hxg3 Rh2+ 42. Kf3 Qh5+ 43. g4 Qh3+ 44. Ke4 f5+ 0-1

[Event "HUN-chT2 Breyer 1617"]
[Site "Hungary"]
[Date "2016.11.27"]
[Round "3.10"]
[White "Nagy, Csaba1"]
[Black "Pilis, Peter"]
[Result "1/2-1/2"]
[WhiteElo "1970"]
[BlackElo "1975"]
[PlyCount "81"]
[EventDate "2016.10.30"]
[EventType "team-tourn"]
[EventRounds "9"]
[EventCountry "HUN"]
[SourceTitle "EXT 2021"]
[Source "ChessBase"]
[SourceDate "2020.10.23"]
[SourceVersion "1"]
[SourceVersionDate "2020.10.23"]
[SourceQuality "1"]
[WhiteTeam "Vizugy"]
[BlackTeam "Torokbalint"]
[WhiteTeamCountry "HUN"]
[BlackTeamCountry "HUN"]

1. e4 c5 2. Nf3 e6 3. d4 cxd4 4. Nxd4 a6 5. Bd3 Nc6 6. Nf3 Qc7 7. 0-0 Nf6 8. Bg5 Be7 9. c4 h6 10. Bh4 0-0 11. Bg3 d6 12. Nc3 Nh5 13. Rc1 Nxg3 14. hxg3 Ne5 15. a3 Qa5 16. Nxe5 Qxe5 17. b4 Qg5 18. Bb1 b5 19. Qd3 Bb7 20. e5 f5 21. exd6 bxc4 22. Qxc4 Bf6 23. Qxe6+ Kh8 24. Qe3 Qh5 25. f4 Qg4 26. Rfd1 Rfe8 27. Qd3 Bxc3 28. Rxc3 Re2 29. Rc2 Rae8 30. Rf1 Bxg2 31. Rxe2 Rxe2 32. Qxf5 Qxf5 33. Bxf5 Bxf1 34. Kxf1 Rd2 35. d7 Rd6 36. Ke2 Kg8 37. Ke3 Kf7 38. a4 Ke7 39. b5 axb5 40. axb5 Rb6 41. Kf3 1/2-1/2

[Event "HUN-chT2 Breyer 1516"]
[Site "Hungary"]
[Date "2016.03.20"]
[Round "9.10"]
[White "Bagdi, Timea"]
[Black "Pilis, Peter"]
[Result "1-0"]
[WhiteElo "1950"]
[BlackElo "1647"]
[PlyCount "107"]
[EventDate "2015.09.13"]
[EventType "team-tourn"]
[EventRounds "11"]
[EventCountry "HUN"]
[SourceTitle "EXT 2017"]
[Source "ChessBase"]
[SourceDate "2016.10.25"]
[SourceVersion "1"]
[SourceVersionDate "2016.10.25"]
[SourceQuality "1"]
[WhiteTeam "Naszaly Geniusz Tata"]
[BlackTeam "TTC Sakk"]
[WhiteTeamCountry "HUN"]
[BlackTeamCountry "HUN"]

1. d4 Nf6 2. Nf3 d6 3. c4 g6 4. Nc3 Bg7 5. e4 Nc6 6. h3 0-0 7. Be3 e5 8. d5 Ne7 9. Qd2 a6 10. Bh6 Ne8 11. Bxg7 Kxg7 12. g4 f6 13. Nh4 Bd7 14. Bd3 Ng8 15. 0-0-0 c6 16. f4 exf4 17. Qxf4 Qe7 18. Nf3 Nh6 19. Qg3 Nf7 20. h4 Ne5 21. Nxe5 Qxe5 22. Qf3 c5 23. Kb1 b5 24. h5 g5 25. cxb5 axb5 26. Bxb5 Bxb5 27. Nxb5 Ra4 28. h6+ Kg8 29. Nc3 Rb4 30. Rc1 Rf7 31. Qf5 Qxf5 32. gxf5 Rfb7 33. Rc2 Nc7 34. Rhc1 Kf7 35. Re1 Na6 36. Kc1 Nb8 37. Nd1 Nd7 38. Nf2 Ne5 39. Re3 Rxb2 40. Rxb2 Rxb2 41. Kxb2 Nc4+ 42. Kc3 Nxe3 43. a4 g4 44. Kd3 g3 45. Kxe3 g2 46. Nh3 Ke7 47. Kf2 c4 48. Nf4 Kd7 49. Kxg2 Kc7 50. Kf2 Kb6 51. Ke2 Ka5 52. Kd2 Kxa4 53. Kc3 Ka5 54. Nh5 1-0

[Event "HUN-chT2 Breyer 1516"]
[Site "Hungary"]
[Date "2015.10.04"]
[Round "2.11"]
[White "Szinavel, Zsolt"]
[Black "Pilis, Peter"]
[Result "1-0"]
[WhiteElo "2102"]
[BlackElo "1647"]
[PlyCount "51"]
[EventDate "2015.09.13"]
[EventType "team-tourn"]
[EventRounds "11"]
[EventCountry "HUN"]
[SourceTitle "CBM 170 Extra"]
[Source "ChessBase"]
[SourceDate "2016.02.25"]
[SourceVersion "1"]
[SourceVersionDate "2016.02.25"]
[SourceQuality "1"]
[WhiteTeam "Kisber Aszar"]
[BlackTeam "TTC Sakk"]
[WhiteTeamCountry "HUN"]
[BlackTeamCountry "HUN"]

1. d4 Nf6 2. Nf3 g6 3. g3 Bg7 4. Bg2 0-0 5. 0-0 d6 6. c4 Nc6 7. Nc3 Rb8 8. Bg5 a6 9. Qc1 Re8 10. Rd1 Bd7 11. e4 e5 12. dxe5 Nxe5 13. Nxe5 dxe5 14. Nd5 Re6 15. Bh3 Rd6 16. Bxd7 Rxd7 17. Bxf6 Qe8 18. Bxg7 Kxg7 19. Qg5 Qe6 20. Rd2 h6 21. Qe3 Rbd8 22. Nxc7 Qc6 23. Rxd7 Rxd7 24. Nd5 Qxc4 25. Nb6 Qd4 26. Nxd7 1-0

[Event "HUN-chT2 Breyer 1011"]
[Site "Hungary"]
[Date "2011.05.01"]
[Round "10.11"]
[White "Pilis, Peter"]
[Black "Farkas, Laszlo"]
[Result "1-0"]
[WhiteElo "1742"]
[BlackElo "1885"]
[PlyCount "157"]
[EventDate "2010.09.12"]
[EventType "team-tourn"]
[EventRounds "11"]
[EventCountry "HUN"]
[SourceTitle "EXT 2012"]
[Source "ChessBase"]
[SourceDate "2011.11.24"]
[SourceVersion "1"]
[SourceVersionDate "2011.11.24"]
[SourceQuality "1"]
[WhiteTeam "Torokbalint"]
[BlackTeam "Szazhalombatta"]
[WhiteTeamCountry "HUN"]
[BlackTeamCountry "HUN"]

1. e4 c5 2. Nf3 e6 3. d4 cxd4 4. Nxd4 a6 5. Bd3 Qc7 6. Be3 b5 7. 0-0 Bb7 8. Nd2 Nf6 9. a3 h5 10. h3 d6 11. Re1 Nbd7 12. Rc1 Ne5 13. Bg5 Ned7 14. c4 bxc4 15. Rxc4 Qa5 16. Be3 Ne5 17. Ra4 Qc7 18. Bb1 Bc6 19. Nxc6 Qxc6 20. f4 Ned7 21. Rc4 Qb7 22. Qc2 Be7 23. Rc1 Rd8 24. Rb4 Qa8 25. Rc4 Rb8 26. Rc7 Rd8 27. Qb3 Nc5 28. Qb6 Nfd7 29. Qa7 Qxa7 30. Rxa7 Nb8 31. b4 Ncd7 32. Rcc7 0-0 33. Nb3 Rfe8 34. Na5 Bf6 35. Nc4 Nf8 36. Kf2 d5 37. e5 Bh4+ 38. g3 Bxg3+ 39. Kxg3 dxc4 40. Rxc4 Rd1 41. Be4 Red8 42. Rac7 f5 43. exf6 gxf6 44. Bf3 R1d3 45. Rc3 Rxc3 46. Rxc3 Ng6 47. Bxh5 Ne7 48. Bc5 Nf5+ 49. Kf3 Rd5 50. Bg6 Nh4+ 51. Kg4 Nxg6 52. h4 Nd7 53. h5 Nh8 54. Be7 Nf7 55. Rc8+ Kh7 56. a4 Rd4 57. Kg3 Rd3+ 58. Kf2 e5 59. Rc6 e4 60. Ke2 Rf3 61. Rxa6 Rxf4 62. b5 Rf3 63. Ra7 Nfe5 64. Bd6 Kh6 65. a5 Rb3 66. b6 Rb5 67. Bxe5 Nxe5 68. b7 Nd7 69. a6 Nc5 70. Ra8 Nxb7 71. Rb8 Rb2+ 72. Ke3 Rb3+ 73. Ke2 Ra3 74. axb7 Rb3 75. Rh8+ Kg5 76. b8Q Rxb8 77. Rxb8 Kxh5 78. Rg8 f5 79. Ke3 1-0